UM Logo

The essential ingredients of research supervision : (Record no. 23886)

MARC details
000 -LEADER
fixed length control field 01009nam a22002417a 4500
003 - CONTROL NUMBER IDENTIFIER
control field OSt
005 - DATE AND TIME OF LATEST TRANSACTION
control field 20260224112323.0
008 - FIXED-LENGTH DATA ELEMENTS--GENERAL INFORMATION
fixed length control field 250926b |||||||| |||| 00| 0 eng d
040 ## - CATALOGING SOURCE
Transcribing agency 0
082 ## - DEWEY DECIMAL CLASSIFICATION NUMBER
Classification number DPer 370.15 J826 October-November 2019 v. 111 n. 7-8
100 ## - MAIN ENTRY--PERSONAL NAME
Personal name Roach, Alex.
Relator term author.
9 (RLIN) 68168
245 ## - TITLE STATEMENT
Title The essential ingredients of research supervision :
Remainder of title a discrete-choice experiment /
Statement of responsibility, etc. Alex Roach, Bruce K. Christensen, and Elizabeth Rieger.
260 ## - PUBLICATION, DISTRIBUTION, ETC. (IMPRINT)
Place of publication, distribution, etc. Washington, DC ;
Name of publisher, distributor, etc. American Psychological Association ,
Date of publication, distribution, etc. October 2019.
300 ## - PHYSICAL DESCRIPTION
Extent Volume 111, pages 1241-1260 :
Other physical details illustration ;
Dimensions 28 cm.
500 ## - GENERAL NOTE
General note Journal of Educational Psychology, vol. 111, no. 7, pages 1241-1260, October 2019.
650 #0 - SUBJECT ADDED ENTRY--TOPICAL TERM
Topical term or geographic name as entry element Foreign countries.
9 (RLIN) 67089
650 #0 - SUBJECT ADDED ENTRY--TOPICAL TERM
Topical term or geographic name as entry element Interpersonal communication.
9 (RLIN) 51635
650 #0 - SUBJECT ADDED ENTRY--TOPICAL TERM
Topical term or geographic name as entry element Student attitudes.
9 (RLIN) 64951
700 ## - ADDED ENTRY--PERSONAL NAME
Personal name Roach, Alex.
Relator term author.
9 (RLIN) 68168
700 ## - ADDED ENTRY--PERSONAL NAME
Personal name Christensen, Bruce K.
Relator term author.
9 (RLIN) 68169
700 ## - ADDED ENTRY--PERSONAL NAME
Personal name Rieger, Elizabeth.
Relator term author.
9 (RLIN) 68170
942 ## - ADDED ENTRY ELEMENTS (KOHA)
Source of classification or shelving scheme Dewey Decimal Classification
Koha item type Periodicals
Holdings
Withdrawn status Lost status Source of classification or shelving scheme Damaged status Not for loan Collection code Home library Current library Date acquired Total Checkouts Full call number Date last seen Price effective from Koha item type Public note
    Dewey Decimal Classification     Periodicals UM Digos College - LIC UM Digos College - LIC 09/26/2025   DPer 370.15 J826 October-November 2019 v. 111 n. 7-8 09/26/2025 09/26/2025 Periodicals Perodical Articicle